Gobernabilidad: tiempos conservadores en la política latinoamericana. = Governance: conservative times in Latin American politics /
Gorde:
| Egile nagusia: | |
|---|---|
| Formatua: | Texto |
| Gaiak: | |
| Etiketak: |
Etiketa erantsi
Etiketarik gabe, Izan zaitez lehena erregistro honi etiketa jartzen!
|
MARC
| LEADER | 00000 a a2200000 04500 | ||
|---|---|---|---|
| 001 | 781 | ||
| 003 | |||
| 040 | |||
| 100 | |a Stolowicz, Beatriz | ||
| 245 | |a Gobernabilidad: tiempos conservadores en la política latinoamericana. = |b Governance: conservative times in Latin American politics / |c Beatriz Stolowicz | ||
| 650 | |a CONTROL SOCIAL | ||
| 650 | |a DEMOCRACIA | ||
| 650 | |a GOBERNABILIDAD | ||
| 650 | |a AMERICA LATINA | ||
| 773 | |g volumen 5, número 2; páginas 10-19 | ||
| 999 | |c 24626 |d 24626 | ||
